Highest-Rated U.S. Syndicated TV Shows - Statistics

General Stats
  • This quiz has been taken 27 times
  • The average score is 5 of 10
Answer Stats
Rating Genre Answer % Correct
6.1 Game Show Jeopardy!
86%
5.9 Game Show Wheel of Fortune
77%
2.8 Entertainment Entertainment Tonight
55%
6.1 Game Show Family Feud
55%
3.3 Game Show Family Feud (Weekend)
55%
7.0 Crime Judge Judy
55%
4.3 Comedy The Big Bang Theory
32%
2.7 Talk Dr. Phil
23%
3.1 Crime Dateline
18%
2.7 Newsmagazine Inside Edition
9%
No matching quizzes found
Score Distribution
Percent of People with Each Score
Percentile by Number Answered
Your Score History
You have not taken this quiz